Evolution or chaos : Dynamics of Latin American government and politics

Guardat en:
Dades bibliogràfiques
Autor principal: Schmitt, Karl M.
Format: Llibre
Idioma:Undetermined
Publicat: London Pall Mall Press 1963
Etiquetes: Afegir etiqueta
Sense etiquetes, Sigues el primer a etiquetar aquest registre!
Thư viện lưu trữ: Trung tâm Học liệu Trường Đại học Cần Thơ
LEADER 00519nam a2200181Ia 4500
001 CTU_86893
008 210402s9999 xx 000 0 und d
082 |a 980.03 
082 |b S355 
100 |a Schmitt, Karl M. 
245 0 |a Evolution or chaos : 
245 0 |b Dynamics of Latin American government and politics 
245 0 |c Karl M. Schmitt, Ronald M. Schneider 
260 |a London 
260 |b Pall Mall Press 
260 |c 1963 
904 |i Mai Loan 
980 |a Trung tâm Học liệu Trường Đại học Cần Thơ